000 01310cam a2200337 a 4500
001 15235208
005 20081212064633.0
008 080327s2008 enka b 001 0 eng
010 _a2008013992
020 _a1405874376 (pbk.)
020 _a9781405874373 (pbk.)
035 _a(OCoLC)214935330
035 _a(OCoLC)ocn214935330
040 _aDLC
_cDLC
_dDLC
050 0 0 _aHF5548.2
_b.C623 2008
082 0 0 _a005.74
_222
_bCON
100 1 _aConnolly, Thomas.
_94052
245 1 0 _aBusiness Database Systems /
_cThomas Connolly, Carolyn Begg, Richard Holowczak.
260 _aHarlow, England ;
_aNew York :
_bAddison-Wesley,
_cc2008.
300 _axxv, 566 p. :
_bill. (some col.) ;
_c24 cm.
504 _aIncludes bibliographical references (p. [556]-557) and index.
650 0 _aBusiness
_vDatabases.
_94053
650 0 _aDatabase management.
_94054
650 0 _aDatabase design.
_94055
650 0 _aManagement information systems.
_94056
700 1 _aBegg, Carolyn E.
_94057
700 1 _aHolowczak, Richard.
_94058
942 _2ddc
_cBB
999 _c11383
_d11383